Dopady finančnej krízy na ekonomiky krajín V4 dizertačná práca

Salvato in:
Dettagli Bibliografici
Autore principale: Kendera, Tomáš
Ente Autore: Národohospodárska fakulta EU. Katedra ekonómie
Altri autori: Muchová, Eva, 1961-
Natura: Libro
Lingua:slovacco
Pubblicazione: Bratislava 2015
Soggetti:
Tags: Aggiungi Tag
Nessun Tag, puoi essere il primo ad aggiungerne!!

MARC

LEADER 00000nbm a2200000 4500
001 0205522
005 20230302104749.7
041 0 |a slo 
044 |a SK 
245 1 0 |a Dopady finančnej krízy na ekonomiky krajín V4  |b dizertačná práca  |c Tomáš Kendera ; školiteľ: Eva Muchová 
264 1 |a Bratislava  |c 2015 
300 |a 148 s. 
610 2 0 |a kríza finančná 
610 2 0 |a Vyšehradská štvorka 
610 2 0 |a cykly hospodárske 
610 2 0 |a inflácia 
610 2 0 |a vývoj menový 
610 2 0 |a trh práce 
100 1 |a Kendera, Tomáš 
700 1 |a Muchová, Eva, 1961- 
710 2 |a Národohospodárska fakulta EU. Katedra ekonómie